Geografía en el Mapa Mundial por Letra - E - Estadísticas

Estadísticas generales
  • Esta prueba ha sido intentada 3.262 veces
  • La puntuación promedio es 11 de 20
Respuestas en el mapa
Las respuestas están codificadas por una escala verde-roja en el mapa de la prueba según el % correcto abajo.
 
Estadísticas de respuestas
Respuesta % Correcto
Egipto
97%
Etiopía
94%
Escocia
90%
Emiratos Árabes Unidos
87%
El Cairo
79%
Escandinavia
73%
Ebro
70%
Everest
64%
El Hierro
59%
Etna
55%
Éufrates
50%
Ecuador
46%
El Paso
43%
Elba
38%
El Salvador
37%
Elbrús
33%
Edmonton
32%
Erie
29%
Essen
19%
Isla de {Ellesmere}
16%
No se encontraron pruebas coincidentes
Distribución de puntuación
Porcentaje de gente con cada puntuación
Porcentaje por número respondido
Historial de tus puntuaciones
No has intentado esta prueba.